2024 Célébrités - Personnalités françaises incontournables - Statistiques

Statistiques générales
  • Ce quiz a été pris 485 fois
  • Le résultat moyen est 27 sur 55
Statistiques - réponses
Par images Réponse % Correct
Emmanuel Macron
100%
Marine Le Pen
97%
Jordan Bardella
92%
Aya Nakamura
90%
Gabriel Attal
89%
Léon Marchand
89%
Pierre Niney
89%
Vianney
89%
Jean-Luc Mélenchon
88%
Inoxtag
86%
Élisabeth Borne
85%
Antoine Griezmann
84%
Artus
82%
Slimane
81%
Teddy Riner
80%
Vitaa
79%
Antoine Dupont
78%
David Guetta
77%
Pierre Garnier
74%
Adèle Exarchopoulos
72%
François Civil
72%
Félix Lebrun
70%
François Bayrou
70%
Damso
65%
Gilles Lellouche
63%
Gisèle Pelicot
62%
Alain Delon
57%
Michel Blanc
54%
Michel Barnier
47%
Nikola Karabatic
46%
Victor Wembanyama
46%
Santa
44%
Zaho de Sagazan
39%
Raphaël Glucksmann
38%
Marine Tondelier
26%
Robert Badinter
26%
Alexis Hanquinquant
21%
Earvin Ngapeth
19%
Cassandre Beaugrand
17%
Angélique Angarni-Filopon
16%
Lucie Castets
16%
Pauline Ferrand-Prévot
15%
Nina Métayer
11%
Kauli Vaast
10%
Manon Apithy-Brunet
9%
Gabby Williams
8%
Cyréna Samba-Mayela
6%
Aurélie Aubert
5%
Alex Portal
3%
Athléa Laurin
3%
Estelle Nze Minko
3%
Lucas Mazur
2%
Gloria Agblemagnon
0%
Mathieu Bosredon
0%
Sébastien Vauxion
0%
Aucun quiz correspondant
Distribution des résultats
% des personnes avec chaque résultat
Percentile par nombre de réponses
Votre historique - résultats
Vous n’avez pas pris ce quiz